مكتبة جامعة عجلون الوطنية

فهرس بحث المكتبة

Normal view MARC view
  • المحاسبة- شركات الاموال - معايير المحاسبة المصرية

Entry Topical Term

Number of records used in: 1

001 - CONTROL NUMBER

  • control field: 32138

003 - CONTROL NUMBER IDENTIFIER

  • control field: JO-AjAnu

005 - DATE AND TIME OF LATEST TRANSACTION

  • control field: 20230606075414.0

008 - FIXED-LENGTH DATA ELEMENTS

  • fixed length control field: 230606|| aca||aabn | a|a d

040 ## - CATALOGING SOURCE

  • Original cataloging agency: JO-AjAnu
  • Transcribing agency: JO-AjAnu

150 ## - HEADING--TOPICAL TERM

  • Topical term or geographic name entry element: المحاسبة- شركات الاموال - معايير المحاسبة المصرية

670 ## - SOURCE DATA FOUND

  • Source citation: Work cat.: (JO-AjAnu)16507: الدهراوي، كمال الدين مصطفى / م.مشارك: سمير كامل محمد عيسى، عبدالله عبد العظيم هلال, author 32137, المحاسبة في شركات الاموال وفقا لمعايير المحاسبة المصرية والدولية